000 00585nam a22001817a 4500
005 20150701125856.0
010 _aENG-113021
020 _a9789351434498
_c995.00
035 _aEN-96553
037 _bDBAD/PUB
082 _a382.0954
100 _aRastogi, Abhishek A.
245 _aHandbook on foreign trade policy 2015-2020 /
_cby Abhishek A. Rastogi
260 _aGurgon
_bLexisNexis
_c2015
270 _a14th Floor Building No.10, Tower-B, DLF Cyber City Phase-II,
_bGurgaon
_e122002
300 _avii,1125p.
_c24cm(pbk)
942 _2ddc
_cEN
_mRAS
_h382.0954
999 _c93542
_d93542